000 00861nam0a22002531 4500
001 rc\3818904
005 20250530062317.0
021 _aRU
_bРг3318-76
035 _a(NLR Aleph) 007269212
090 _a5391161
_c5391161
100 _a20120410d1975 |||y0rusy50 ca
101 0 _arus
102 _aRU
_aRU
105 _aa b |||||
200 1 _aУстройства зарядные автоматические серии УЗА
_eКаталог
_fИзготовитель: "Преобразователь", г. Запорожье
210 _aМосква
_cБ. и.
_d[1975]
215 _a1 л., слож. в 5 с.
_cил.
_d30
225 1 _aИнформэлектро
_v05.03.132-75
309 _aБез тит. л. и обл.
801 0 _aRU
_bNLR
_gpsbo
801 1 _aRU
_bELAR
_2rusmarc
852 _aNLR
_jПт 20/1-05.03.135-75
942 _cBOOK
980 _aNB